000 00512nam a22001931a 4500
001 3277
003 OSt
005 20260204211844.0
008 040805s1955||||sp ||||||b||||||||||spa||
050 _a330.9 F338h
082 _a330.9 F338h
100 _aFels, Edwin
245 _aEl hombre economizante como estructurador de la tierra / Edwin Fels
264 _aEspaña : Omega
300 _a310 p
500 _aIncluye indice.
650 _a1.Gegrafía Economía 2.Medio Ambiente - HombreÌ
942 _2ddc
_cBK
999 _c3277
_d3277